000
00322 a2200121 4500
000
nam a22 7a 4500
005
20260207160515.0
020
_a
9788120843479
100
_a
Raja Ram Mohan Roy
_9
1114394
245
_a
Vedic Physics Scientific Origin of Hinduism
260
_b
Motilal Banarsidass
_c
2024
942
_c
TEXL
999
_c
1678938
_d
1678938